000 00260nam a2200097Ia 4500
001 651970
005 20250826154429.0
008 250824s9999 xx 000 0 und d
245 0 _aİNSAN NE İLE YAŞAR GENÇLİK KLASİKLERİ
_cTOLSTOY
260 _bTİMAŞ ÇOCUK
999 _c651970
_d651970